000 00838cam a22002773a 4500
001 7498
003 PGUSA
005 20140828083145.0
008 050201s2005||||xxu|||||s|||||000 1 eng d
040 _aPGUSA
_beng
042 _adc
050 4 _aPZ
050 4 _aPS
100 1 _aSidney, Margaret,
_d1844-1924
245 1 0 _aFive Little Peppers Grown Up
_h[electronic resource] /
_cMargaret Sidney
260 _bProject Gutenberg,
_c2005
506 _aPublic domain in the USA.
516 _aElectronic text
653 _aFamily -- Juvenile fiction
653 _aFive Little Peppers (Fictitious characters) -- Juvenile fiction
653 _aWomen music teachers -- Juvenile fiction
653 _aLove -- Juvenile fiction
830 0 _aProject Gutenberg
_v7498
856 4 0 _uhttp://www.gutenberg.org/ebooks/7498
942 _cEB
999 _c236818
_d236818